000 00312nam a22001337a 4500
008 170706b xxu||||| |||| 00| 0 eng d
020 _a9780673385857
041 _aeng
080 _24 ED
_a82
100 _a22
101 _aGJL
245 _aWORK BOOK OF CURRENT ENGLISH
_cMAHANEY.W.E
942 _2udc
_cBK
999 _c19948
_d19948